|
|
|
|
| LEADER |
00000nab#a22000007a#4500 |
| 001 |
arbauad023727 |
| 003 |
AR-BaUAD |
| 005 |
20250711112011.0 |
| 008 |
961127|||||||||###||||||b###|0###a|spa|| |
| 040 |
|
|
|a AR-BaUAD
|c AR-BaUAD
|b spa
|
| 245 |
1 |
0 |
|a Empleo de modelos matemáticos en el estudio de sistemas físicos
|
| 300 |
0 |
|
|b fot., gráf.
|
| 653 |
|
|
|a CONSTRUCCION
|
| 653 |
|
|
|a MODELOS MATEMATICOS
|
| 653 |
|
|
|a INGENIERIA HIDRAULICA
|
| 653 |
|
|
|a ESTUARIOS
|
| 653 |
|
|
|a RIOS
|
| 653 |
|
|
|a PAISES BAJOS
|
| 773 |
0 |
|
|t Construcciones
|g no. 309-310 [set.-dic. 1984], p. 36-57
|
| 942 |
|
|
|c ARTI
|
| 952 |
|
|
|0 0
|1 0
|4 0
|7 0
|9 68646
|a AR-BAuAD
|b AR-BAuAD
|d 2025-07-11
|l 0
|p AAQA023727
|r 2025-07-11 11:20:11
|w 2025-07-11
|y ARTI
|
| 990 |
|
|
|a CO198
|b TD
|
| 998 |
|
|
|a AAQ
|b BIBUN76
|
| 999 |
|
|
|c 48319
|d 48319
|